000 00304nam a22001337a 4500
008 170817b xxu||||| |||| 00| 0 eng d
020 _a9780201581898
041 _aeng
080 _28TH
_a51
100 _a36
101 _aMAT
245 _aCALCULUS AND ANALYTIC GEOMETRY
_cTHOMAS,G,B
942 _2udc
_cBK
999 _c23949
_d23949